000 01943nam0a2200385 4500
001 RU\NLR\bibl\1368964
005 20260405142835.0
010 _a978-5-94652-257-1
_9100
021 _aRU
_b2009-21590
_91276
035 _a(nilc)RSL-KNO-004266397
035 _a(NLR Aleph) 001361104
090 _a981779
_c981779
100 _a20090318d2008 |||y0rusy50 ca
101 0 _arus
102 _aRU
105 _aa |||||||||
200 1 _aМолодежь. Общественная среда. Православие
_eинформационно-аналитический обзор
_fВ.К. Потемкин, С.Г. Михайлов
_gГос. образоват. учреждение высш. проф. образования "С.-Петерб. гос. ун-т экономики и финансов", С.-Петерб. Акад. упр. персоналом
210 _aСанкт-Петербург
_cИнфо-да
_d2008
215 _a103 с.
_cил.
_d21
300 _aВ вып. дан. авт.: Потемкин В.К., д.э.н., проф., засл. деят. науки РФ, Михайлов С.Г., д.социол.н., проф.
320 _aБиблиогр.: с. 103 (17 назв.)
517 0 _aОбщественная среда
517 0 _aПравославие
606 1 _aМолодежь
_xОриентации ценностные
_yРоссийская Федерация
_92190051
_3RU\NLR\auth\661316541
686 _aС556.325.1,0
_2rubbk
686 _aС550.325.1
700 1 _aПотемкин
_bВ. К.
_gВалерий Константинович
_4070
701 1 _4070
_8rus
_7ca
_aМихайлов
_bС. Г.
_cд-р социол. наук
_gСергей Григорьевич
_3RU\NLR\auth\7758673
_941605
801 0 _aRU
_bРГБ
_c20090318
_grcr
801 1 _aRU
_bРГБ
_c20090318
801 2 _aRU
_bNLR
_c20090514
_grcr
830 _aавт. по кн.
942 _cBOOK
980 _aNB